La montaña de los siete círculos / (Registro nro. 25717)
[ vista simple ]
| 000 -LEADER | |
|---|---|
| fixed length control field | 01175cam a2200313 c 4500 |
| 001 - CONTROL NUMBER | |
| control field | 25717 |
| 003 - CONTROL NUMBER IDENTIFIER | |
| control field | Mx-PuUPA |
| 005 - DATE AND TIME OF LATEST TRANSACTION | |
| control field | 20250220091258.0 |
| 008 - FIXED-LENGTH DATA ELEMENTS--GENERAL INFORMATION | |
| fixed length control field | 140415s1981 sp gr 000 0aspa d |
| 017 ## - COPYRIGHT OR LEGAL DEPOSIT NUMBER | |
| Copyright or legal deposit number | B. 9.942 - 1981 |
| 020 ## - INTERNATIONAL STANDARD BOOK NUMBER | |
| International Standard Book Number | 8435003205 |
| Qualifying information | empastado |
| 040 ## - CATALOGING SOURCE | |
| Original cataloging agency | Mx-PuUPA |
| Language of cataloging | spa |
| Transcribing agency | Mx-PuUPA |
| Modifying agency | Mx-PuUPA |
| Description conventions | rda |
| 041 1# - LANGUAGE CODE | |
| Language code of text/sound track or separate title | spa |
| Language code of original | eng |
| 100 1# - MAIN ENTRY--PERSONAL NAME | |
| Personal name | Leyva, Gustavo, |
| Dates associated with a name | 1959- |
| 9 (RLIN) | 16733 |
| Relator term | autor |
| 240 14 - UNIFORM TITLE | |
| Uniform title | The seven storey mountain. |
| Language of a work | Español |
| 245 13 - TITLE STATEMENT | |
| Title | La montaña de los siete círculos / |
| Statement of responsibility, etc. | Thomas Merton ; traducción de Aquilino Tur |
| 264 #1 - PRODUCTION, PUBLICATION, DISTRIBUTION, MANUFACTURE, AND COPYRIGHT NOTICE | |
| Place of production, publication, distribution, manufacture | Barcelona : |
| Name of producer, publisher, distributor, manufacturer | Editora y Distribuidora Hispano Americana, |
| Date of production, publication, distribution, manufacture, or copyright notice | ©1981 |
| 300 ## - PHYSICAL DESCRIPTION | |
| Extent | 625 páginas ; |
| Dimensions | 21 cm |
| 336 ## - CONTENT TYPE | |
| Fuente | rdacontent |
| Content type term | texto |
| Content type code | txt |
| 337 ## - MEDIA TYPE | |
| Source | rdamedia |
| Media type term | sin medio |
| Media type code | n |
| 338 ## - CARRIER TYPE | |
| Source | rdacarrier |
| Carrier type term | volumen |
| Carrier type code | nc |
| 600 14 - SUBJECT ADDED ENTRY--PERSONAL NAME | |
| Personal name | Merton, Thomas, |
| Dates associated with a name | 1915-1968 |
| Form subdivision | Autobiografía |
| 700 1# - ADDED ENTRY--PERSONAL NAME | |
| Personal name | Tur, Aquilino, |
| Relator term | traductor |
| 765 0# - ORIGINAL LANGUAGE ENTRY | |
| Main entry heading | Leyva, Gustavo, 1959- |
| Place, publisher, and date of publication | Buenos Aires : Editorial Sudamericana, ©1950 |
| Title | The seven storey mountain. |
| 942 ## - ADDED ENTRY ELEMENTS (KOHA) | |
| Source of classification or shelving scheme | Dewey Decimal Classification |
| Koha item type | Libro |
| Classification part | 922.273 |
| Item part | M5518 |
| Withdrawn status | Lost status | Source of classification or shelving scheme | Damaged status | Not for loan | Collection code | Home library | Current library | Shelving location | Date acquired | Source of acquisition | Total Checkouts | Full call number | Barcode | Date last seen | Date last checked out | Price effective from | Koha item type |
|---|---|---|---|---|---|---|---|---|---|---|---|---|---|---|---|---|---|
| Dewey Decimal Classification | General | Biblioteca Karol Wojtyla | Biblioteca Karol Wojtyla | Sala general | 03/12/2013 | Compra | 2 | 922.273 M5518 1981 | 47865 | 25/03/2026 | 03/12/2025 | 03/12/2013 | Libro |